| 000 | 01525nam a22002297a 4500 | ||
|---|---|---|---|
| 999 |
_c58530 _d58530 |
||
| 003 | Ge_BSU | ||
| 005 | 20220525120017.0 | ||
| 008 | 220525s2018 ge ||||| |||| 00| 0 geo d | ||
| 041 | _ageo | ||
| 080 | _a657.15 ხ-25 | ||
| 100 |
_a ხარაბაძე, ელენე _913838 |
||
| 245 |
_aფინანსური აღრიცხვა: _bსახელმძღვანელო / _cელენე ხარაბაძე ; რედაქტორი: გოჩა თუთბერიძე; ივ.ჯავახიშვილის სახელობის თბილისის სახელმწიფო უნივერსიტეტი. |
||
| 250 | _aმე-2 გადამუშავებული გამოცემა | ||
| 264 |
_aთბილისი, _c2018. |
||
| 300 |
_a334 გვ. _b29 სმ. |
||
| 653 | _aფინანსური აღრიცხვა. | ||
| 653 | _aსახელმძღვანელო. | ||
| 700 |
_aთუთბერიძე, გოჩა _eრედაქტორი _91688 |
||
| 710 |
_aივ.ჯავახიშვილის სახელობის თბილისის სახელმწიფო უნივერსიტეტი. _913839 |
||
| 856 |
_uhttp://eprints.tsu.ge/882/1/%E1%83%A4%E1%83%98%E1%83%9C%E1%83%90%E1%83%9C%E1%83%A1%E1%83%A3%E1%83%A0%E1%83%98%20%E1%83%90%E1%83%A6%E1%83%A0%E1%83%98%E1%83%AA%E1%83%AE%E1%83%95%E1%83%90.pdf _yელ. ვერსია. pdf |
||
| 942 |
_2udc _cBK |
||